000
00337nam a2200145Ia 4500
008
150201s1984 xx 000 0 und d
082
_a
611.018
_b
H84A
100
_a
AREY
245
_a
HUMAN HISTOLOGY
250
_a
1ST
260
_b
KHOSLA PUBLISHING
_a
DELHI
_c
1984
300
_a
1-338
650
_a
HUMAN HISTOLOGY
942
_2
ddc
_c
BK
_0
1
999
_c
2472
_d
2472